000 01659nam0a2200361 4500
001 RU\NLR\BIBL_A\012308851
005 20200820112256.0
010 _a978-5-7782-4028-5
_93000
021 _aRU
_bКН-П-20-017278
_9КН-П-20-1351
035 _a(NLR Aleph) 012308851
035 _a(RuMoRGB)010309053
090 _a11360379
_c11360379
100 _a20200806d2019 u y0rusy50 ca
101 0 _arus
102 _aRU
105 _ay|||j|||000zy
181 0 _ai
_baxxe
182 0 _an
200 1 _aИстория России с 1917 по 2010 г.
_e[учебник для студентов технических вузов]
_fЭ.А. Воробьева
_g[НГТУ-НЭТИ опорный вуз]
203 _aТекст
_bвизуальный
_cнепосредственный
210 _aНовосибирск
_cИзд-во НГТУ
_d2019
215 _a322, [1] с.
_d25
225 1 _aУчебники НГТУ
_fредкол.: д.т.н., проф. (пред.) А.А. Батаев [и др.]
300 _aНа 4-й с. обл. авт.: Воробьева Э.А., доц., к.ист.н.
320 _aБиблиогр.: с. 312-316 (67 назв.)
607 _aРоссия
_jУчебники для высших учебных заведений
_xИстория
_z1917 - 2012
_92161461
_3RU\NLR\AUTH\661605395
686 1 _aТ3(2)7я73
700 1 _7ca
_8rus
_aВоробьева
_bЭ. А.
_cканд. ист. наук
_gЭвелина Александровна
_993675
_3RU\NLR\AUTH\77110750
942 _cBOOK
980 _aNBR
980 _aNB